00730nam a22002177a 450000500170000001000260001702000110004303500140005403500140006803700130008208200120009510000200010724500740012726000400020127001410024130000210038270000280040370000290043170000260046070000260048620240809150114.0 aENG-135562 ENG-141313 c400.00 aEN-119094 aEN-124845 bDBAD/PUB a615.538 aKulkarni, P. H. aStreeroga:bThe gyanecology in ayurveda/cBy P. H. kulkarni...[et,al] apunebdeerghayu internationalc2016 a36, kothrud gaothan, opp. mhatoba/ navagraha maruti mandir/bodhi vrukshabpunee411038k91-20-25382130mdeerghayuinternational@gmail.com a184p.c21Cm(pbk) aBothare, mugdhaeauthor aKurmi, kurush p.eauthor aPingle, kirtieauthor aIrani, faridaeauthor